| 000 | 00345nam a2200133I 4500 | ||
|---|---|---|---|
| 040 | _cFQG | ||
| 082 | _a334 ELS 1953 A084 Or. | ||
| 100 | 1 | _aHonig, Pieter, | |
| 245 | 1 | 0 | _aPrinciples of sugar technology. |
| 260 |
_aAmsterdam,New York, _bElsevier Pub. Co., _c1953. |
||
| 300 |
_axxii, 767 p. _billus. _c25 cm. |
||
| 650 | 0 | _aSugar. | |
| 942 | _cAEDBB | ||
| 999 |
_c21123 _d21123 |
||